| Tag |
First Indicator |
Second Indicator |
Subfields |
| LEADER |
00000cam a2200000 a 4500 |
| 001 |
in00002129462 |
| 005 |
20181201063410.0 |
| 008 |
050714s2006 nyu c 000 1 eng |
| 010 |
|
|
|a 2005020279
|
| 020 |
|
|
|a 0803730802
|
| 024 |
3 |
|
|a 9780803730809
|
| 035 |
|
|
|a (OCoLC)ocm61228560
|
| 040 |
|
|
|a DLC
|c DLC
|d BAKER
|d C#P
|d TXA
|d UtOrBLW
|
| 042 |
|
|
|a lcac
|
| 049 |
|
|
|a TXAM
|
| 050 |
0 |
0 |
|a PZ7.P338
|b Her 2006
|
| 082 |
0 |
0 |
|a [Fic]
|2 22
|
| 100 |
1 |
|
|a Peck, Richard,
|d 1934-2018.
|
| 245 |
1 |
0 |
|a Here lies the librarian /
|c Richard Peck.
|
| 264 |
|
1 |
|a New York :
|b Dial Books,
|c [2006]
|
| 264 |
|
4 |
|c ©2006
|
| 300 |
|
|
|a 145 pages ;
|c 22 cm.
|
| 336 |
|
|
|a text
|b txt
|2 rdacontent
|
| 337 |
|
|
|a unmediated
|b n
|2 rdamedia
|
| 338 |
|
|
|a volume
|b nc
|2 rdacarrier
|
| 520 |
|
|
|a Fourteen-year-old Eleanor "Peewee" McGrath, a tomboy and automobile enthusiast, discovers new possibilities for her future after the 1914 arrival in her small Indiana town of four young librarians.
|
| 650 |
|
1 |
|a Automobiles
|v Fiction.
|
| 650 |
|
1 |
|a Automobile racing
|v Fiction.
|
| 650 |
|
1 |
|a Librarians
|v Fiction.
|
| 650 |
|
1 |
|a Country life
|z Indiana
|v Fiction.
|
| 651 |
|
1 |
|a Indiana
|x History
|y 20th century
|v Fiction.
|
| 948 |
|
|
|a cataloged
|b h
|c 2006/5/9
|d c
|e ceaton
|f 1:04:22 pm
|
| 994 |
|
|
|a C0
|b TXA
|
| 999 |
|
|
|a MARS
|
| 999 |
f |
f |
|s ef4be973-b5dc-37e2-8c26-c11aa3eed3d5
|i 1e20746f-b230-3352-9412-f85a47eed922
|t 0
|
| 952 |
f |
f |
|p normal
|a Texas A&M University
|b College Station
|c Sterling C. Evans Library
|d Evans: Curriculum Collection (4th floor)
|t 0
|e PZ7.P338 Her 2006
|h Library of Congress classification
|i unmediated -- volume
|m A14834090589
|
| 998 |
f |
f |
|a PZ7.P338 Her 2006
|t 0
|l Evans: Curriculum Collection (4th floor)
|